Loading...
| Literature - Poetry | 0 | 6 | 0 | 1 | 60 | 87 | 129.50 | 3 | 6 | 11.26 | 40.00 |
| Fine Arts - Classical Music | 1 | 4 | 0 | 0 | 55 | 60 | 123.60 | 2 | 5 | 8.83 | 30.00 |
| Short Fiction and Other | 0 | 5 | 0 | 2 | 50 | 134 | 147.20 | 0 | 5 | 3.17 | 33.33 |
| History - Other | 2 | 1 | 0 | 1 | 40 | 51 | 76.67 | 2 | 3 | 25.11 | 46.67 |
| Literature - Long Fiction | 0 | 4 | 0 | 2 | 40 | 149 | 157.25 | 1 | 3 | 0.42 | 19.44 |
| Fine Arts - Painting and Sculpture | 0 | 4 | 1 | 0 | 35 | 98 | 128.50 | 1 | 4 | 6.23 | 26.67 |
| Literature - Drama | 0 | 3 | 0 | 0 | 30 | 121 | 139.33 | 1 | 3 | 4.93 | 29.17 |
| Fine Arts - Other | 0 | 3 | 0 | 0 | 30 | 140 | 147.00 | 0 | 3 | 0.18 | 13.33 |
| Philosophy | 0 | 3 | 0 | 0 | 30 | 123 | 137.00 | 1 | 3 | 2.55 | 16.67 |
| Social Science | 0 | 2 | 0 | 0 | 20 | 132 | 137.00 | 1 | 2 | 0.19 | 11.11 |
| Geography | 0 | 2 | 0 | 0 | 20 | 94 | 113.00 | 1 | 1 | 4.28 | 25.00 |
| Literature - Short Fiction | 0 | 2 | 0 | 0 | 20 | 115 | 138.00 | 1 | 2 | 8.85 | 55.56 |
| Science - Biology | 0 | 2 | 1 | 0 | 15 | 98 | 108.50 | 1 | 2 | 4.03 | 20.00 |
| Other Academic | 0 | 1 | 0 | 1 | 10 | 135 | 135.00 | 0 | 1 | 0.07 | 3.33 |
| History - World | 0 | 1 | 0 | 0 | 10 | 159 | 159.00 | 0 | 1 | -1.64 | 6.25 |
| Science - Chemistry | 0 | 1 | 0 | 0 | 10 | 102 | 102.00 | 0 | 1 | 2.66 | 6.67 |
| Science - Physics | 0 | 1 | 0 | 0 | 10 | 144 | 144.00 | 0 | 1 | -0.91 | 10.00 |
| History - American | 0 | 1 | 0 | 0 | 10 | 123 | 123.00 | 0 | 1 | 1.67 | 12.50 |
| Current Events | 0 | 1 | 0 | 0 | 10 | 97 | 97.00 | 1 | 1 | 3.78 | 12.50 |
| History - European | 0 | 1 | 1 | 0 | 5 | 75 | 75.00 | 1 | 1 | 4.76 | 10.00 |
| Mythology | 0 | 1 | 1 | 0 | 5 | 10 | 10.00 | 1 | 1 | 13.35 | 14.29 |
| Religion | 0 | 0 | 0 | 0 | 0 | 0.00 | 0 | 0 | 0.00 | 0.00 | |
| Science - Other | 0 | 0 | 0 | 0 | 0 | 0.00 | 0 | 0 | 0.00 | 0.00 |